BGMEA University of Fashion and Technology
University Library

Team Zebra : (Record no. 3007)

MARC details
000 -LEADER
fixed length control field 01080nam a2200313 a 4500
001 - CONTROL NUMBER
control field 3007
003 - CONTROL NUMBER IDENTIFIER
control field BD-DhBUF
005 - DATE AND TIME OF LATEST TRANSACTION
control field 20260219105042.0
008 - FIXED-LENGTH DATA ELEMENTS--GENERAL INFORMATION
fixed length control field 940324s1993 vtua 001 0 eng d
010 ## - LIBRARY OF CONGRESS CONTROL NUMBER
LC control number 93060668
020 ## - INTERNATIONAL STANDARD BOOK NUMBER
International Standard Book Number 0939246384 :
Terms of availability $22.00
035 ## - SYSTEM CONTROL NUMBER
System control number (OCoLC)29452840 960119
035 ## - SYSTEM CONTROL NUMBER
System control number (StEdNL)2373123-nlsdb-Voyager
040 ## - CATALOGING SOURCE
Original cataloging agency OC
Transcribing agency DLC
Modifying agency OCP
-- XBM
-- NLE
042 ## - AUTHENTICATION CODE
Authentication code lccopycat
043 ## - GEOGRAPHIC AREA CODE
Geographic area code n-us-ny
049 ## - LOCAL HOLDINGS (OCLC)
Holding library NLES
050 04 - LIBRARY OF CONGRESS CALL NUMBER
Classification number HD9708.U64
Item number E274 1993
092 ## - LOCALLY ASSIGNED DEWEY CALL NUMBER (OCLC)
Classification number 338.76177
Item number E13Zf, 1993
100 1# - MAIN ENTRY--PERSONAL NAME
Personal name Frangos, Stephen J.
9 (RLIN) 4338
245 10 - TITLE STATEMENT
Title Team Zebra :
Remainder of title how 1500 partners revitalized Eastman Kodak's black & white film-making flow /
Statement of responsibility, etc. by Stephen J. Frangos with Steven J. Bennett.
260 ## - PUBLICATION, DISTRIBUTION, ETC.
Place of publication, distribution, etc. Essex Junction, Vt. :
Name of publisher, distributor, etc. Omneo,
Date of publication, distribution, etc. c1993.
300 ## - PHYSICAL DESCRIPTION
Extent xxv, 226 p. :
Other physical details ill. ;
Dimensions 24 cm. ;
500 ## - GENERAL NOTE
General note Includes index.
610 20 - SUBJECT ADDED ENTRY--CORPORATE NAME
Corporate name or jurisdiction name as entry element Eastman Kodak Company.
Subordinate unit Black and White Film Division.
9 (RLIN) 4339
650 #0 - SUBJECT ADDED ENTRY--TOPICAL TERM
Topical term or geographic name entry element Organizational change
Geographic subdivision New York (State)
-- Rochester
General subdivision Case studies.
9 (RLIN) 126
700 1# - ADDED ENTRY--PERSONAL NAME
Personal name Bennett, Steven J.,
Dates associated with a name 1951-
9 (RLIN) 3037
942 ## - ADDED ENTRY ELEMENTS (KOHA)
Source of classification or shelving scheme Dewey Decimal Classification
Koha item type Books
Holdings
Withdrawn status Lost status Source of classification or shelving scheme Damaged status Not for loan Home library Current library Date acquired Total Checkouts Full call number Barcode Date last seen Copy number Price effective from Koha item type
    Dewey Decimal Classification     BUFT Library BUFT Library 06/28/2001   771.5324 F814t 1993 2001-0364 02/19/2026 C-1 02/19/2026 Books
Copyright © 2019-2023 | BUFT Library
BGMEA University of Fashion and Technology
Library Home | University Home
| Maintained by Library Team